Every Josh McCown Team (by Year) - Statistics

General Stats
  • This quiz has been taken 3 times
  • The average score is 10 of 19
Answer Stats
Hint Answer % Correct
2007 Oakland Raiders
100%
2002 Arizona Cardinals
67%
2003 Arizona Cardinals
67%
2004 Arizona Cardinals
67%
2005 Arizona Cardinals
67%
2015 Cleveland Browns
67%
2016 Cleveland Browns
67%
2017 New York Jets
67%
2018 New York Jets
67%
2008 Carolina Panthers
33%
2009 Carolina Panthers
33%
2011 Chicago Bears
33%
2012 (DNP) Chicago Bears
33%
2013 Chicago Bears
33%
2006 Detroit Lions
33%
2010 (UFL) Hartford Colonials
33%
2020 (DNP) Houston Texans
33%
2019 Philadelphia Eagles
33%
2014 Tampa Bay Buccaneers
33%
No matching quizzes found
Score Distribution
Percent of People with Each Score
Percentile by Number Answered
Your Score History
You have not taken this quiz